Biggest villages and towns of Malta - Statistics

General Stats
  • This quiz has been taken 10 times
  • The average score is 21 of 65
Answer Stats
Reġjun Population Town % Correct
120px-Port_Region_Malta_COA.svg.png Port 5197 Valletta
88%
RegjunLvant.png Lvant 29.482 Birkirkara
75%
120px-Flag_of_Northern_Region%2C_Malta.svg.png Tramuntana 40.204 San Pawl il-Baħar
75%
RegjunLvant.png Lvant 3793 Lija
63%
120px-Flag_of_Gozo.svg.png Għawdex 7524 Victoria
63%
120px-Banner_of_Arms_of_Punent%2C_Malta.jpg Punent 15.017 Ħaż-Żebbuġ
50%
120px-Flag_of_Gozo.svg.png Għawdex 3739 Iż-Żebbuġ
50%
120px-Flag_of_Southern_Region%2C_Malta.svg.png Nofsinhar 5953 Marsa
50%
120px-Flag_of_Southern_Region%2C_Malta.svg.png Nofsinhar 4245 Marsaxlokk
50%
120px-Flag_of_Northern_Region%2C_Malta.svg.png Tramuntana 5249 Mġarr
50%
120px-Flag_of_Northern_Region%2C_Malta.svg.png Tramuntana 18.126 Naxxar
50%
RegjunLvant.png Lvant 3735 Pembroke
50%
120px-Banner_of_Arms_of_Punent%2C_Malta.jpg Punent 12.352 Rabat
50%
RegjunLvant.png Lvant 15.208 San Ġiljan
50%
120px-Flag_of_Northern_Region%2C_Malta.svg.png Tramuntana 13.134 Attard
38%
120px-Banner_of_Arms_of_Punent%2C_Malta.jpg Punent 3941 Dingli
38%
120px-Flag_of_Gozo.svg.png Għawdex 3764 Għajnsielem
38%
120px-Flag_of_Gozo.svg.png Għawdex 1590 Għarb
38%
RegjunLvant.png Lvant 4001 Għargħur
38%
120px-Flag_of_Southern_Region%2C_Malta.svg.png Nofsinhar 11.988 Ħamrun
38%
120px-Flag_of_Southern_Region%2C_Malta.svg.png Nofsinhar 18.714 Marsaskala
38%
120px-Flag_of_Northern_Region%2C_Malta.svg.png Tramuntana 14.288 Mellieħa
38%
120px-Flag_of_Northern_Region%2C_Malta.svg.png Tramuntana 25.496 Mosta
38%
RegjunLvant.png Lvant 16.609 Msida
38%
120px-Flag_of_Northern_Region%2C_Malta.svg.png Tramuntana 2564 Mtarfa
38%
120px-Flag_of_Gozo.svg.png Għawdex 2260 Sannat
38%
120px-Flag_of_Northern_Region%2C_Malta.svg.png Tramuntana 5070 Balzan
25%
120px-Port_Region_Malta_COA.svg.png Port 2273 Birgu
25%
120px-Flag_of_Southern_Region%2C_Malta.svg.png Nofsinhar 12.601 Birżebbuġa
25%
120px-Port_Region_Malta_COA.svg.png Port 13.986 Fgura
25%
120px-Flag_of_Gozo.svg.png Għawdex 1148 Fontana
25%
120px-Flag_of_Southern_Region%2C_Malta.svg.png Nofsinhar 5865 Għaxaq
25%
RegjunLvant.png Lvant 12.054 Gżira
25%
RegjunLvant.png Lvant 3741 Iklin
25%
120px-Flag_of_Gozo.svg.png Għawdex 1911 Kerċem
25%
120px-Flag_of_Southern_Region%2C_Malta.svg.png Nofsinhar 7128 Luqa
25%
120px-Banner_of_Arms_of_Punent%2C_Malta.jpg Punent 3685 Mqabba
25%
120px-Flag_of_Gozo.svg.png Għawdex 1923 Munxar
25%
120px-Flag_of_Gozo.svg.png Għawdex 4630 Nadur
25%
RegjunLvant.png Lvant 7087 Pietà
25%
120px-Flag_of_Gozo.svg.png Għawdex 2380 Qala
25%
120px-Flag_of_Southern_Region%2C_Malta.svg.png Nofsinhar 20.041 Qormi
25%
120px-Banner_of_Arms_of_Punent%2C_Malta.jpg Punent 3321 Qrendi
25%
120px-Port_Region_Malta_COA.svg.png Port 9929 Raħal Ġdid
25%
120px-Flag_of_Northern_Region%2C_Malta.svg.png Tramuntana 16.075 San Ġwann
25%
120px-Flag_of_Southern_Region%2C_Malta.svg.png Nofsinhar 2652 Santa Luċija
25%
120px-Flag_of_Southern_Region%2C_Malta.svg.png Nofsinhar 9758 Santa Venera
25%
120px-Port_Region_Malta_COA.svg.png Port 2389 Senglea
25%
120px-Banner_of_Arms_of_Punent%2C_Malta.jpg Punent 9756 Siġġiewi
25%
RegjunLvant.png Lvant 22.730 Sliema
25%
RegjunLvant.png Lvant 15.398 Swieqi
25%
120px-Flag_of_Gozo.svg.png Għawdex 5359 Xagħra
25%
120px-Flag_of_Gozo.svg.png Għawdex 3712 Xewkija
25%
120px-Port_Region_Malta_COA.svg.png Port 2508 Xgħajra
25%
120px-Port_Region_Malta_COA.svg.png Port 17.962 Żabbar
25%
120px-Flag_of_Southern_Region%2C_Malta.svg.png Nofsinhar 12.858 Żejtun
25%
120px-Banner_of_Arms_of_Punent%2C_Malta.jpg Punent 12.842 Żurrieq
25%
120px-Port_Region_Malta_COA.svg.png Port 4780 Bormla
13%
120px-Port_Region_Malta_COA.svg.png Port 2066 Floriana
13%
120px-Flag_of_Southern_Region%2C_Malta.svg.png Nofsinhar 3483 Gudja
13%
120px-Port_Region_Malta_COA.svg.png Port 3285 Kalkara
13%
120px-Banner_of_Arms_of_Punent%2C_Malta.jpg Punent 2656 Kirkop
13%
120px-Banner_of_Arms_of_Punent%2C_Malta.jpg Punent 2965 Safi
13%
120px-Port_Region_Malta_COA.svg.png Port 10.048 Tarxien
13%
RegjunLvant.png Lvant 2508 Ta' Xbiex
13%
No matching quizzes found
Score Distribution
Percent of People with Each Score
Percentile by Number Answered
Your Score History
You have not taken this quiz